Europe by Internet Country Code Quiz Stats

 Plays Quiz Updated Jul 13, 2016

Challenge
Share
Tweet
Embed
Score 0/46 Timer 08:00
8 Plays Today
TLD code Country % Correct
.ukUnited Kingdom
91%
.frFrance
89.9%
.czCzechia
88.1%
.itItaly
86.5%
.fiFinland
85.8%
.dkDenmark
84.9%
.ruRussia
84%
.huHungary
83.4%
.grGreece
82.5%
.roRomania
82.2%
.noNorway
82.2%
.lvLatvia
82%
.nlNetherlands
81.5%
.beBelgium
79.4%
.plPoland
78.7%
.cyCyprus
78.6%
.esSpain
78.2%
.deGermany
77.3%
.ltLithuania
76.6%
.skSlovakia
75.4%
.alAlbania
75.1%
.ptPortugal
71.7%
.bgBulgaria
71.2%
TLD code Country % Correct
.ieIreland
70.8%
.luLuxembourg
70.6%
.vaVatican City
67.2%
.isIceland
65%
.seSweden
64.6%
.eeEstonia
64.3%
.liLiechtenstein
61.7%
.adAndorra
61.4%
.atAustria
58.5%
.mdMoldova
58.3%
.smSan Marino
57.9%
.trTurkey
56.6%
.uaUkraine
56.4%
.mtMalta
51.9%
.mcMonaco
50.8%
.chSwitzerland
50.6%
.siSlovenia
49.8%
.mkMacedonia
49.6%
.byBelarus
48.2%
.meMontenegro
46.3%
.baBosnia and Herzegovina
45.3%
.hrCroatia
42%
.rsSerbia
33.4%

You're not logged in!

Compare scores with friends on all Sporcle quizzes.
OR
Log In

You Might Also Like...

Show Comments

Extras

Top Quizzes Today


Score Distribution

Your Account Isn't Verified!

In order to create a playlist on Sporcle, you need to verify the email address you used during registration. Go to your Sporcle Settings to finish the process.

Report this User

Report this user for behavior that violates our Community Guidelines.

Details: